00350nam a2200133Ia 4500003000900000008004100009040001300050040001300063245010700076245001100183260000800194300000800202490000600210IT-RoPAU120407s9999 xx 000 0 und d aIT-RoPAU cIT-RoPAU aIncontro alla Bibbia. Breve introduzione alla sacra scrittura per il cammini catechistico degli adulti cAA.VV. aCei c cm v1